NLSUI OPAC header image

Stylish academic writing / (Record no. 210857)

MARC details
000 -LEADER
fixed length control field 01131nam a22001937a 4500
005 - DATE AND TIME OF LATEST TRANSACTION
control field 20260331125237.0
008 - FIXED-LENGTH DATA ELEMENTS--GENERAL INFORMATION
fixed length control field 220315b2012 ||||| |||| 00| 0 eng
020 ## - INTERNATIONAL STANDARD BOOK NUMBER
International Standard Book Number 9780674971387 (pbk)
082 ## - DEWEY DECIMAL CLASSIFICATION NUMBER
Classification number 808.042071 SWO
100 ## - MAIN ENTRY--PERSONAL NAME
Personal name Sword, Helen
245 ## - TITLE STATEMENT
Title Stylish academic writing /
Statement of responsibility, etc. Helen Sword
260 ## - PUBLICATION, DISTRIBUTION, ETC.
Place of publication, distribution, etc. Cambridge :
Name of publisher, distributor, etc. Harvard University Press,
Date of publication, distribution, etc. 2012.
300 ## - PHYSICAL DESCRIPTION
Extent viii, 220 p. ;
Dimensions 23 cm.
365 ## - TRADE PRICE
Price amount Rs. 295.00
505 ## - FORMATTED CONTENTS NOTE
Formatted contents note Preface<br/>I. Style and Substance;<br/>1. Rules of Engagement;<br/>2. On Being Disciplined;<br/>3. A Guide to the Style Guides;<br/>II. The Elements of Stylishness;<br/>4. Voice and Echo;<br/>5. Smart Sentencing;<br/>6. Tempting Titles;<br/>7. Hooks and Sinkers;<br/>8. The Story Net;<br/>9. Show and Tell;<br/>10. Jargonitis;<br/>11. Structural Designs;<br/>12. Points of Reference;<br/>13. The Big Picture;<br/>14. The Creative Touch;<br/>Afterword: Becoming a Stylish Writer;<br/>Appendix;<br/>Notes;<br/>Bibliography;<br/>Acknowledgments;<br/>Index
650 ## - SUBJECT ADDED ENTRY--TOPICAL TERM
Topical term or geographic name entry element Academic writing
Form subdivision English language - Style
856 ## - ELECTRONIC LOCATION AND ACCESS
Uniform Resource Identifier <a href="https://www.google.co.in/books/edition/Stylish_Academic_Writing/nN51E2nxQfgC?hl=en&gbpv=1&printsec=frontcover">https://www.google.co.in/books/edition/Stylish_Academic_Writing/nN51E2nxQfgC?hl=en&gbpv=1&printsec=frontcover</a>
942 ## - ADDED ENTRY ELEMENTS (KOHA)
Source of classification or shelving scheme Dewey Decimal Classification
Koha item type BOOKs
Holdings
Withdrawn status Lost status Source of classification or shelving scheme Materials specified (bound volume or other part) Damaged status Not for loan Home library Current library Shelving location Date acquired Source of acquisition Cost, normal purchase price Total Checkouts Full call number Barcode Date last seen Date last checked out Price effective from Koha item type
    Dewey Decimal Classification PB     . . General Stacks 15.03.2022 Purchased 295.00 2 808.042071 SWO 38636 31.03.2026 17.03.2026 15.03.2022 BOOKs